[Event "Stockerau opJ"]
[Site "Stockerau"]
[Date "1992.??.??"]
[Round "?"]
[White "Csoke, Krisztian"]
[Black "Izsak, Gyula"]
[Result "0-1"]
[WhiteElo "2340"]
[BlackElo "2330"]

1.e4 c5 2.Nf3 e6 3.d4 cxd4 4.Nxd4 a6 5.Nc3 Qc7 6.Be3 Nf6 7.Be2 Bb4 8.O-O Bxc3
9.bxc3 Nxe4 10.c4 Nc3 11.Qd3 Nxe2+ 12.Nxe2 Nc6 13.Bf4 e5 14.Bg3 d6 15.Nc3 Be6
16.Nd5 Bxd5 17.cxd5 Ne7 18.c4 O-O 19.f4 f6 20.Rac1 Ng6 21.c5 Rac8 22.fxe5 fxe5
23.Rxf8+ Rxf8 24.c6 Ne7 25.Qc4 Qb6+ 26.Kh1 bxc6 27.dxc6+ d5 28.Qd3 e4 29.Qe2 Nxc6
30.h3 Ne7 31.Qg4 Qg6 32.Rc7 Nf5 33.Be5 e3 34.Qf3 Qe6 35.Bg3 Qe4 36.Kh2 Qxf3  0-1

[Event "Stockholm"]
[Site "Stockholm"]
[Date "1992.??.??"]
[Round "?"]
[White "Furhoff, Johan"]
[Black "Sjoberg, Mats"]
[Result "1/2-1/2"]
[WhiteElo "2250"]
[BlackElo "2470"]

1.e4 c5 2.Nf3 e6 3.d4 cxd4 4.Nxd4 a6 5.Nc3 Qc7 6.Bd3 Nf6 7.O-O Bd6 8.h3 Bh2+
9.Kh1 Bf4 10.Re1 Bxc1 11.Qxc1 d6 12.Qg5 O-O 13.f4 Qc5 14.e5 Qxd4 15.exf6 Qxf6
16.Qxf6 gxf6 17.Ne4 f5 18.Nxd6 Rd8 19.Nxc8 Rxc8 20.g4 fxg4 21.hxg4 Nd7 22.Rad1 Rc7
23.Kg2 Nc5 24.c3 Rd7 25.Bc2 Rad8 26.Kf3 Nd3 27.Rh1 Nxb2 28.Bxh7+ Kg7 29.Rxd7 Rxd7
30.Be4 Na4 31.c4 Nc5 32.Ke3 Rc7  1/2-1/2

[Event "Rilton Cup"]
[Site "Stockholm"]
[Date "1992.??.??"]
[Round "1"]
[White "Kyhle, Bo"]
[Black "Stefansson, Hannes"]
[Result "0-1"]
[WhiteElo "2245"]
[BlackElo "2445"]

1.e4 c5 2.Nf3 e6 3.Nc3 a6 4.d4 cxd4 5.Nxd4 Qc7 6.g3 Nf6 7.Bg2 Be7 8.O-O O-O
9.Nb3 Nc6 10.a4 b6 11.f4 Bb7 12.Kh1 Nb4 13.Qe2 Rac8 14.Be3 d5 15.e5 Ne4 16.Nxe4 dxe4
17.c3 Nd3 18.Bd4 Bd5 19.Nc1 Bc4 20.Qd2 Rfd8 21.Nxd3 exd3 22.Qe3 Bc5 23.Rfd1 Bxd4
24.cxd4 Qd7 25.b3 Bxb3 26.Rxd3 Bd5 27.Bxd5 Qxd5+ 28.Qf3 Qxf3+ 29.Rxf3 Rxd4
30.Rf2 Rcc4 31.Rb2 h5 32.Rab1 Rxa4 33.Rxb6 a5 34.R1b2 Ra1+ 35.Rb1 Rxb1+ 36.Rxb1 Rd8
37.Ra1 Ra8 38.Kg2 a4 39.Ra3 Kf8 40.Kf3 Ke7 41.Ke4 Kd7 42.Kd4 Kc6 43.Kc4 g6
44.Rc3 Kb6 45.Ra3 Ka5 46.Kc5 Rd8 47.Ra1 Rd5+ 48.Kc4 Rd2 49.Rb1 Rc2+ 50.Kd3 Rc6
51.Ra1 Rc5 52.Kd4 Rc2 53.Rb1 a3 54.Rb8 a2 55.Ra8+ Kb4 56.Kd3 Rxh2 57.Rb8+ Ka3
58.Ra8+ Kb2 59.Rb8+ Kc1  0-1

[Event "FRA-ch"]
[Site "Strasbourg"]
[Date "1992.??.??"]
[Round "1"]
[White "Marciano, David"]
[Black "Renet, Olivier"]
[Result "0-1"]
[WhiteElo "2415"]
[BlackElo "2530"]

1.e4 c5 2.Nf3 e6 3.d4 cxd4 4.Nxd4 a6 5.Nc3 Qc7 6.Bd3 b5 7.O-O Bb7 8.Re1 d6
9.Bg5 Nd7 10.a4 b4 11.Na2 Ngf6 12.Nxb4 Qc5 13.Bxf6 Nxf6 14.c3 Be7 15.Qe2 Qc8
16.a5 O-O 17.Rec1 g6 18.Ndc2 Ra7 19.f3 Nh5 20.Qe3 Ra8 21.Bf1 Bd8 22.Rd1 Bc7
23.Na3 Qb8 24.g4 Nf6 25.Qd4 Nd7 26.Kh1 Ne5 27.Bg2 Rd8 28.Nc4 d5 29.exd5 Nxc4
30.Qxc4 exd5 31.Nxd5 Bxd5 32.Rxd5 Qxb2 33.Rad1 Rxd5 34.Rxd5 Re8 35.Rd1 Qc2
36.Rg1 Bxa5 37.Qxa6 Qxc3 38.Qb5 Rd8 39.Qb1 Bc7 40.Qa1 Qe3 41.Rd1 Rb8 42.Qf6 Qe2
43.Ra1 Rb2 44.Ra8+ Bb8 45.Qd8+ Kg7 46.Qd4+ Be5 47.Qg1 Rd2 48.f4 Bd4  0-1

[Event "FRA-ch"]
[Site "Strasbourg"]
[Date "1992.??.??"]
[Round "9"]
[White "Boudre, Jean Pierre"]
[Black "Cerisier, Philippe"]
[Result "1-0"]
[WhiteElo "2405"]
[BlackElo "2315"]

1.e4 c5 2.Nf3 e6 3.Nc3 a6 4.d4 cxd4 5.Nxd4 Nc6 6.Nxc6 bxc6 7.e5 Qc7 8.f4 d6
9.exd6 Bxd6 10.Ne4 Be7 11.Bd3 c5 12.Qe2 Nh6 13.Ng5 Nf5 14.O-O g6 15.Bd2 O-O
16.Bc3 Nd4 17.Qf2 Bb7 18.Rae1 h6 19.Ne4 Bxe4 20.Bxe4 Rad8 21.Kh1 Bf6 22.Rd1 Bg7
23.Qe1 Nb5 24.Bxg7 Kxg7 25.Qe3 Nd4 26.b4 f5 27.bxc5 fxe4 28.Rxd4 Rd5 29.Rxd5 exd5
30.Qd4+ Kh7 31.g3 Qc6 32.Rb1 Re8 33.Rb6 Qd7 34.c6 Qe6 35.Rb7+ Re7 36.Qe5 Kg8
37.Rxe7  1-0

[Event "Suhr op"]
[Site "Suhr"]
[Date "1992.??.??"]
[Round "5"]
[White "Ciric, Dragoljub M"]
[Black "Goldstern, Flip"]
[Result "1/2-1/2"]
[WhiteElo "2375"]
[BlackElo "2335"]

1.e4 c5 2.Nf3 e6 3.Nc3 a6 4.d4 cxd4 5.Nxd4 d6 6.g3 Nf6 7.Bg2 Be7 8.O-O O-O
9.b3 Qc7 10.Bb2 Nc6 11.Nce2 Bd7 12.c4 Rac8 13.Qd2 Rfd8 14.Rac1 Qb8 15.a3 Nxd4
16.Nxd4 b5 17.cxb5 axb5 18.Bc3  1/2-1/2

[Event "POL-ch (Women)"]
[Site "Swieradow"]
[Date "1992.??.??"]
[Round "4"]
[White "Slabek, Agnieszka"]
[Black "Guzkowska, Magdalena"]
[Result "1-0"]
[WhiteElo "2155"]
[BlackElo "2065"]

1.e4 c5 2.Nf3 e6 3.d4 cxd4 4.Nxd4 a6 5.Nc3 Qc7 6.g3 Nf6 7.Bg2 Nc6 8.O-O Be7
9.Re1 d6 10.Nxc6 bxc6 11.e5 dxe5 12.Rxe5 O-O 13.Bf4 Bd6 14.Rxe6 Bxe6 15.Bxd6 Qb6
16.Bxf8 Rxf8 17.b3 Bg4 18.Qd2 Rd8 19.Qf4 h5 20.h3 Rd4 21.Qe3 Bf5 22.Ne2 Rb4
23.Qxb6 Rxb6 24.Nd4 Bg6 25.c4 c5 26.Nc6 Be4 27.Bxe4 Nxe4 28.Ne7+ Kf8 29.Nd5 Rd6
30.Re1 Ng5 31.Kg2 Ne6 32.Re4 g6 33.h4 Nd4 34.Re5 Nc6 35.Re4 Nd4 36.Nc7 Rc6
37.Re8+ Kg7 38.Nd5 Ne6 39.Ra8 Nd4 40.Ra7 Ne6 41.Ne3 Nc7 42.Nd1 Kf6 43.Nc3 Ke5
44.f3 Kd4 45.Ne2+ Kd3 46.Nf4+ Kc3 47.Rxc7 Rxc7 48.Nd5+ Kb2 49.Nxc7  1-0

[Event "POL-ch (Women)"]
[Site "Swieradow"]
[Date "1992.??.??"]
[Round "13"]
[White "Sadkiewicz, Joanna"]
[Black "Guzkowska, Magdalena"]
[Result "1-0"]
[WhiteElo "2185"]
[BlackElo "2065"]

1.e4 c5 2.Nf3 e6 3.d4 cxd4 4.Nxd4 a6 5.Nc3 Qc7 6.Bd3 Nf6 7.O-O d6 8.Kh1 Nbd7
9.f4 b5 10.a3 Be7 11.Bd2 Bb7 12.Qf3 Nc5 13.Rae1 h5 14.b4 Ncd7 15.a4 bxa4
16.Nxa4 h4 17.c4 Rc8 18.Qe2 Qb8 19.Nf3 h3 20.g3 Qa8 21.Nd4 Bd8 22.Kg1 Nb6
23.Nc3 Be7 24.f5 e5 25.Nb3 Nbd7 26.Nd5 Bd8 27.Ra1 Qb8 28.Kh1 Rg8 29.Rfb1 g5
30.fxg6 Rxg6 31.Rf1 Ng4 32.Rf5 Bxd5 33.cxd5 Bb6 34.Raf1 Ndf6 35.Bg5 Rc3 36.Bxf6 Rxb3
37.Bg5  1-0

[Event "Sydney op"]
[Site "Sydney"]
[Date "1992.??.??"]
[Round "3"]
[White "Maria, L."]
[Black "Veroci, Zsuzsa"]
[Result "0-1"]
[WhiteElo "2070"]
[BlackElo "2310"]

1.e4 c5 2.Nf3 e6 3.d4 cxd4 4.Nxd4 a6 5.Nc3 Qc7 6.a3 b5 7.Be3 Bb7 8.Bd3 Nc6
9.O-O Nf6 10.Nxc6 Bxc6 11.Qe2 Be7 12.Bg5 d6 13.Rfe1 O-O 14.f4 h6 15.e5 hxg5
16.exf6 Bxf6 17.fxg5 Bxg5 18.Ne4 Bh6 19.Qh5 f5 20.Nf2 Rae8 21.Rad1 Qf7 22.Qxf7+ Kxf7
23.Be2 Rd8 24.c4 e5 25.b3 e4 26.g4 g6 27.Nh3 Be3+ 28.Kh1 f4 29.cxb5 axb5
30.a4 bxa4 31.bxa4 d5 32.Bb5 Ba8 33.Re2 Rh8 34.Nf2 d4 35.Kg1 f3 36.Rc2 Bxf2+
37.Rxf2 e3 38.Rxf3+ Bxf3 39.Rf1 Rh3 40.Be2 d3 41.Bxf3 Rxf3 42.Rxf3+ Kg7  0-1

[Event "Tashkent"]
[Site "Tashkent"]
[Date "1992.??.??"]
[Round "?"]
[White "Zagrebelny, Sergey"]
[Black "Saltaev, Mihail"]
[Result "1-0"]
[WhiteElo "2440"]
[BlackElo "2465"]

1.e4 c5 2.Nf3 e6 3.Nc3 a6 4.d4 cxd4 5.Nxd4 Nc6 6.Nxc6 bxc6 7.Bd3 d5 8.O-O Nf6
9.Qe2 Be7 10.Na4 O-O 11.c4 Bb7 12.Rd1 Qc7 13.c5 Nd7 14.Qc2 d4 15.f4 e5 16.f5 a5
17.b3 Ba6 18.Bxa6 Rxa6 19.Ba3 Rb8 20.Nb2 Rb5 21.Nd3 Ra8 22.Qc4 Re8 23.Re1 Bg5
24.Bc1 Be7 25.a4 Rb7 26.Bd2 Ra8 27.Rab1 Qb8 28.Kf2 Qa7 29.Rec1 h6 30.Kf3 Qa6
31.Qxa6 Rxa6 32.b4 axb4 33.Nxb4 Rxa4 34.Nxc6 Rxb1 35.Nxe7+ Kf8 36.Rxb1 Kxe7
37.c6 Nc5 38.c7 Kd7 39.Rc1 Ra3+ 40.Ke2  1-0

[Event "NOR-chT"]
[Site "Vettre"]
[Date "1992.??.??"]
[Round "2"]
[White "Hatlebakk, Einar"]
[Black "Brekke, Oystein"]
[Result "1-0"]
[WhiteElo "2300"]
[BlackElo "2215"]

1.e4 c5 2.Nf3 e6 3.d4 cxd4 4.Nxd4 a6 5.Nc3 Qc7 6.f4 Bb4 7.Qf3 Nf6 8.e5 Ne4
9.Ne2 d5 10.exd6 Nxd6 11.a3 Ba5 12.Be3 O-O 13.b4 Bb6 14.Bxb6 Qxb6 15.Na4 Qc7
16.Nec3 Nd7 17.Bd3 Rb8 18.Ne4 Nxe4 19.Qxe4 Nf6 20.Qf3 Bd7 21.Nc5 Bc6 22.Qf2 e5
23.O-O e4 24.Bc4 Rfe8 25.Rae1 Qc8 26.f5 b5 27.Bb3 Ra8 28.Qf4 a5 29.Re3 axb4
30.axb4 Bd5 31.Rg3 Rd8 32.Qh6 Ne8 33.f6 g6 34.Rh3 Nxf6 35.Rxf6 Ra1+ 36.Kf2 e3+
37.Kxe3 Re8+ 38.Kd2 Qg4 39.Qxh7+ Kf8 40.Qh8+ Ke7 41.Re3+ Be6 42.Rfxe6+  1-0

[Event "Wattens op"]
[Site "Wattens"]
[Date "1992.??.??"]
[Round "6"]
[White "Treppner, Gerd"]
[Black "Belzer, R."]
[Result "0-1"]
[WhiteElo "2330"]
[BlackElo "2320"]

1.e4 c5 2.Nf3 e6 3.d4 cxd4 4.Nxd4 a6 5.Nc3 Qc7 6.Be2 b5 7.a3 Bb7 8.O-O Nf6
9.Qd3 d6 10.f4 Nbd7 11.Bf3 Be7 12.g4 h6 13.Qe2 Nb6 14.g5 hxg5 15.fxg5 Nfd7
16.g6 Bf6 17.gxf7+ Ke7 18.Be3 Nc4 19.Bg4 Nxe3 20.Qxe3 Bxd4 21.Qxd4 Qc5 22.Rad1 Ne5
23.Be2 Rhf8 24.Nb1 Bxe4 25.Qxc5 dxc5 26.Rde1 Rxf7 27.Rxf7+ Nxf7 28.Bxb5 Ng5
29.Be2 Nh3+  0-1

[Event "Sonnevanck"]
[Site "Wijk aan Zee"]
[Date "1992.??.??"]
[Round "2"]
[White "Lau, Ralf"]
[Black "Bosboom, Manuel"]
[Result "1/2-1/2"]
[WhiteElo "2520"]
[BlackElo "2445"]

1.e4 c5 2.Nf3 e6 3.d4 cxd4 4.Nxd4 a6 5.Nc3 Qc7 6.Bd3 Nf6 7.O-O d6 8.a4 Nc6
9.Be3 Be7 10.f4 O-O 11.Kh1 Re8 12.Qf3 g6 13.Rae1 Bd7 14.Qg3 Bf8 15.Nf3 Bg7
16.Qh4 Nb4 17.e5 Nfd5 18.Ne4 Nxd3 19.cxd3 Qd8 20.Nfg5 h6 21.Nxd6 Rf8 22.Nde4 Rc8
23.Bd4 Bc6 24.Bc5 Nxf4 25.Rxf4 Bxe4 26.Nxe4 g5 27.Qg4 Rxc5 28.Nxc5 gxf4 29.Qxf4 b6
30.Ne4 Qxd3 31.h3 Kh8 32.Nd6 Qg6 33.Re3 Qg5 34.Qxg5 hxg5 35.g3 Kh7 36.Kg2 Kg6
37.Nc4 Rc8 38.b3 b5 39.axb5 axb5 40.Nd6 Rc5 41.b4 Rd5 42.Rf3 Bxe5 43.Nxf7 Rd2+
44.Kf1 Bg7 45.h4 g4 46.Rf4 Rd4 47.Rxd4 Bxd4 48.Nd6 Be5 49.Nxb5 Bxg3 50.Nd4 e5
51.Nc6 e4 52.b5 Bc7 53.Ne7+ Kh5 54.Nd5 Be5 55.b6 Kxh4 56.Kg2 Kg5 57.b7 g3  1/2-1/2

[Event "Wisla BES op"]
[Site "Wisla"]
[Date "1992.??.??"]
[Round "6"]
[White "Sikora Gizynska, Bozena"]
[Black "Dabek, Roman"]
[Result "1-0"]
[WhiteElo "2225"]
[BlackElo "2340"]

1.e4 c5 2.Nf3 e6 3.d4 cxd4 4.Nxd4 a6 5.Nc3 Qc7 6.a3 Nf6 7.Be2 d6 8.O-O Be7
9.Kh1 Nc6 10.f4 O-O 11.Be3 Nxd4 12.Qxd4 e5 13.Qd2 exf4 14.Bxf4 Be6 15.Rad1 Rad8
16.Nd5 Bxd5 17.exd5 Nd7 18.Rf3 Bf6 19.c3 Rfe8 20.Rdf1 Re7 21.Bd3 Be5 22.Bg5 f6
23.Rh3 Nf8 24.Qc2 h6 25.Bd2 b5 26.Rh4 Qc5 27.Rg4 g5 28.c4 bxc4 29.Rxc4 Qxd5
30.Rb4 Qf7 31.Bxa6 d5 32.Rb6 Ne6 33.Bb4 Rc7 34.Qf5 Ng7 35.Qf2 Qh5 36.g3 Qg6
37.Qf3 g4 38.Bd3 Qh5 39.Qf2 Qf7 40.Qe3 Qh5 41.Bd2 Ne8 42.Rf5 Qf7 43.Qxh6 Nd6
44.Rxe5 fxe5 45.Qg5+  1-0

[Event "Zalaegerszeg op"]
[Site "Zalaegerszeg"]
[Date "1992.??.??"]
[Round "?"]
[White "Almasi, Istvan"]
[Black "Barczay, Laszlo"]
[Result "0-1"]
[WhiteElo "2430"]
[BlackElo "2380"]

1.e4 c5 2.Nf3 e6 3.d4 cxd4 4.Nxd4 a6 5.Nc3 Qc7 6.g3 d6 7.Bg2 Nc6 8.O-O Bd7
9.b3 Be7 10.Nce2 Nf6 11.c4 O-O 12.Bb2 Rfc8 13.Qd2 Rab8 14.Rac1 Qa5 15.Bc3 Qd8
16.a4 g6 17.Rfd1 Nxd4 18.Bxd4 e5 19.Bb2 Qb6 20.Rc3 Bc6 21.Qe3 Qxe3 22.Rxe3 b5
23.axb5 axb5 24.cxb5 Bxb5 25.Nc3 Bd7 26.Ba3 Ra8 27.Bxd6 Bxd6 28.Rxd6 Rxc3  0-1

[Event "Zalakaros op"]
[Site "Zalakaros"]
[Date "1992.??.??"]
[Round "7"]
[White "Tolnai, Tibor"]
[Black "Sjoberg, Mats"]
[Result "0-1"]
[WhiteElo "2490"]
[BlackElo "2380"]

1.e4 c5 2.Nf3 e6 3.d4 cxd4 4.Nxd4 a6 5.Nc3 Qc7 6.f4 b5 7.Qf3 Bb7 8.Bd3 Nf6
9.Be3 Nc6 10.O-O-O Na5 11.g4 Nc4 12.g5 Nxb2 13.Kxb2 Ba3+ 14.Kb1 Qxc3 15.Bc1 Bxc1
16.Rxc1 Nxe4  0-1

[Event "Aalborg op"]
[Site "Aalborg"]
[Date "1993.??.??"]
[Round "8"]
[White "Sobjerg, Erik"]
[Black "Sorensen, Torben"]
[Result "1-0"]
[WhiteElo "2270"]
[BlackElo "2320"]

1.e4 c5 2.Nf3 e6 3.Nc3 a6 4.d4 cxd4 5.Nxd4 Qc7 6.f4 d6 7.Be2 b5 8.O-O Bb7
9.Bf3 Nf6 10.e5 dxe5 11.fxe5 Nfd7 12.Bxb7 Qxb7 13.Qh5 g6 14.Qh4 Nc6 15.Nxc6 Qxc6
16.Ne4 Be7 17.Bg5 Bxg5 18.Nxg5 Nxe5 19.Rad1 h6 20.Ne4 g5 21.Nf6+ Kf8 22.Qb4+ Kg7
23.Qd4 Qc7 24.Rde1 Rhd8 25.Qxe5 Qxe5 26.Rxe5 Rd2 27.Rc5 Rad8 28.Rc7 Re2 29.Nh5+ Kg8
30.Rfxf7 Rd1+ 31.Rf1  1-0

[Event "DEN-chJ"]
[Site "Aarhus"]
[Date "1993.??.??"]
[Round "9"]
[White "Hetey, Laszlo"]
[Black "Jaracz, Pawel"]
[Result "0-1"]
[WhiteElo "2255"]
[BlackElo "2340"]

1.e4 c5 2.Nf3 e6 3.d4 cxd4 4.Nxd4 a6 5.Nc3 Qc7 6.g3 Bb4 7.Ne2 Nf6 8.Bg2 Be7
9.O-O Nc6 10.a4 O-O 11.Kh1 Rb8 12.f4 b5 13.axb5 axb5 14.Be3 b4 15.Nb1 Bb7
16.Qd3 Ra8 17.Rxa8 Rxa8 18.Bc1 Bc5 19.Be3 Bf8 20.Rd1 Ra2 21.b3 Ba6 22.Qd2 Na5
23.Nd4 Bc5 24.e5 Bxd4 25.Bxd4 Nxb3 26.Qxb4 Nxd4 27.c3 Rxg2 28.Kxg2 Qc6+ 29.Kh3 Bb7
30.Rd2 Qf3  0-1

[Event "Mephisto-GM-Turnier"]
[Site "Altensteig"]
[Date "1993.??.??"]
[Round "4"]
[White "Vogt, Lothar"]
[Black "Bischoff, Klaus"]
[Result "1/2-1/2"]
[WhiteElo "2495"]
[BlackElo "2515"]

1.e4 c5 2.Nf3 e6 3.d4 cxd4 4.Nxd4 a6 5.Nc3 Qc7 6.g3 Nc6 7.Bg2 Nge7 8.Nb3 Ng6
9.a4 b6 10.O-O Rb8 11.f4 Na5 12.Nd4 Bc5 13.Kh1 Bb7 14.b3 O-O 15.Bb2 f6 16.Qd3 Rbc8
17.Rad1 Rfd8 18.Nce2 Bf8 19.c4 Ba8 20.Qe3 Re8 21.Nf3 Nc6 22.Nc3 Nb4 23.Qd2 Rcd8
24.Rfe1 Nc6 25.Re3 Na5 26.Qc2 Nc6 27.Qd2 Na5 28.Qc2 Nc6 29.Qd2 Na5  1/2-1/2

[Event "Altensteig-B"]
[Site "Altensteig"]
[Date "1993.??.??"]
[Round "10"]
[White "Kraut, Rainer"]
[Black "Panzalovic, Srdjan"]
[Result "1/2-1/2"]
[WhiteElo "2425"]
[BlackElo "2390"]

1.e4 c5 2.Nf3 e6 3.Nc3 a6 4.d4 cxd4 5.Nxd4 Qc7 6.g3 Nf6 7.Bg2 d6 8.O-O Be7
9.a4 Nc6 10.Nb3 b6 11.f4 O-O 12.Be3 Bb7 13.Qe2 Rfe8 14.Rad1 Rac8 15.g4 Bf8
16.g5 Nd7 17.Rf3 Nb4 18.Rh3 g6 19.Qf2 Bg7 20.Qh4 Nf8 21.Qf2 Nd7 22.Qh4 Nf8
23.Qf2 Nd7 24.Qh4 Nf8  1/2-1/2

[Event "Alushta3"]
[Site "Alushta"]
[Date "1993.??.??"]
[Round "?"]
[White "Onoprienko, Vladimir"]
[Black "Fominyh, Alexander"]
[Result "1-0"]
[WhiteElo "2290"]
[BlackElo "2515"]

1.e4 c5 2.Nc3 a6 3.Nf3 e6 4.d4 cxd4 5.Nxd4 Qc7 6.Be2 Nc6 7.O-O Bc5 8.Nb3 Be7
9.f4 b5 10.Bf3 d6 11.Qe2 Bb7 12.Be3 Nf6 13.Rad1 O-O 14.Qf2 Nd7 15.Rfe1 Rac8
16.Re2 Na5 17.Nd4 Nc4 18.Bc1 b4 19.Na4 g6 20.b3 Ncb6 21.Nxb6 Qxb6 22.e5 Bxf3
23.Nxf3 Qxf2+ 24.Kxf2 d5 25.Bb2 Nc5 26.Nd2 Rc7 27.Rc1 Rfc8 28.Ke3 g5 29.g3 Nd7
30.Nb1 f6 31.exf6 Nxf6 32.Kd3 Ne4 33.c4 bxc3 34.Nxc3 gxf4 35.gxf4 Nc5+ 36.Ke3 Kf7
37.Nb1 Ne4 38.Rxc7 Rxc7 39.Bd4 Bf6 40.Nd2 Nc3 41.Rg2 Nd1+ 42.Kd3 Bxd4 43.Kxd4 Nc3
44.Nf3 Kf6 45.Ne5 Kf5 46.Nd3 Nb5+ 47.Ke3 d4+ 48.Kf3 Rc3 49.Rg5+ Kf6 50.Ke4 Rc2
51.Ne5 Rxa2 52.Rh5 Re2+ 53.Kd3 Re3+ 54.Kc4 Rc3+ 55.Kb4 Nc7 56.Ng4+ Kg6 57.Rg5+ Kf7
58.Ne5+ Kf8 59.f5 Rh3 60.fxe6 Nxe6 61.Rg2 Ke7 62.Ra2 Kf6 63.Nd7+ Kf5 64.Re2 Re3
65.Rf2+ Ke4 66.Nf6+ Kd3 67.Nxh7 a5+ 68.Ka3 Re2 69.Rxe2 Kxe2 70.Nf6 d3 71.Ne4 Ke1
72.h4 Nc5 73.Nxc5  1-0

[Event "Alushta3"]
[Site "Alushta"]
[Date "1993.??.??"]
[Round "?"]
[White "Onoprienko, Vladimir"]
[Black "Sokolov, Andrei"]
[Result "0-1"]
[WhiteElo "2290"]
[BlackElo "2525"]

1.e4 c5 2.Nc3 a6 3.Nf3 e6 4.d4 cxd4 5.Nxd4 d6 6.Be3 Nf6 7.f4 b5 8.a3 Nbd7
9.Bd3 Bb7 10.Qe2 Nc5 11.Bf2 g6 12.O-O Bg7 13.Rad1 O-O 14.Kh1 Nh5 15.g3 f5
16.Kg1 Nf6 17.exf5 exf5 18.Ne6 Qc8 19.Nxg7 Qc6 20.Bd4 Kxg7 21.Qe7+ Kg8  0-1

[Event "Alushta"]
[Site "Alushta"]
[Date "1993.??.??"]
[Round "?"]
[White "Gipslis, Aivars"]
[Black "Lazarev, Vladimir"]
[Result "1-0"]
[WhiteElo "2490"]
[BlackElo "2430"]

1.e4 c5 2.Nf3 e6 3.Nc3 a6 4.d4 cxd4 5.Nxd4 d6 6.Be3 b5 7.a4 b4 8.Na2 Nf6
9.f3 e5 10.Nb3 d5 11.Bd3 d4 12.Bd2 Nc6 13.O-O Be6 14.Qe1 Qb8 15.Nac1 Bd6
16.Bg5 Nd7 17.Nd2 f6 18.Bh4 Nc5 19.Bc4 Na5 20.Bxe6 Nxe6 21.Nd3 O-O 22.b3 Rc8
23.Qd1 Nc5 24.Nb2 Nd7 25.Be1 Nb6 26.Nd3 Rc6 27.Ra2 Qc7 28.Rf2 Nd7 29.Nf1 Rb8
30.Qe2 Rcb6 31.Kh1 Nc5 32.Nb2 Rc6 33.Nd2 Ncb7 34.Ndc4 Nxc4 35.Nxc4 Na5 36.Nxa5 Qxa5
37.Qd3 Rbc8 38.Re2  1-0

[Event "Arandjelovac"]
[Site "Arandjelovac"]
[Date "1993.??.??"]
[Round "5"]
[White "Drozdov, Igor"]
[Black "Miladinovic, Igor"]
[Result "0-1"]
[WhiteElo "2375"]
[BlackElo "2440"]

1.e4 c5 2.Nf3 e6 3.d4 cxd4 4.Nxd4 a6 5.Nc3 Qc7 6.Be2 b5 7.O-O Bb7 8.Bf3 d6
9.a4 bxa4 10.Nxa4 Nf6 11.Re1 Nbd7 12.g3 Be7 13.Nc3 O-O 14.Bg2 Rfe8 15.Nb3 Rab8
16.Qe2 Bf8 17.Na5 Bc8 18.Ra2 Nb6 19.Bg5 Nfd7 20.Be3 g6 21.f4 d5 22.Nb3 dxe4
23.Bxe4 Bg7 24.Qf2 Nf6 25.Bf3 h5 26.Bd4 Nbd7 27.Na5 Ng4 28.Qd2 Ndf6 29.Nc6 Bb7
30.Nxb8 Bxf3 31.Nxa6 Qc8 32.Qd3 Ba8 33.Nc5 Rd8 34.Qa6 Qb8 35.Qxa8 Qxa8 36.Rxa8 Rxa8
37.Nb3 Rc8 38.Re2 Nh6 39.Rd2 Nf5 40.Be5 h4 41.Rd3 h3 42.Nd2 Ng4 43.Bxg7 Kxg7
44.Ndb1 e5 45.Na3 Re8 46.Rd1 exf4 47.gxf4 Nd4 48.Nc4 Nf3+ 49.Kf1 Nfxh2+ 50.Kg1 Nf3+
51.Kf1 h2 52.Kg2 Ne1+ 53.Kh1 Nf2+ 54.Kxh2 Nxd1 55.Nxd1 Re2+ 56.Kg3 Rg2+ 57.Kh3 Rxc2
58.Nde3 Rc1 59.f5 Nd3 60.fxg6 fxg6 61.b3 Rc3 62.Kg4 Rxb3  0-1

[Event "AUT-chT"]
[Site "?"]
[Date "1993.??.??"]
[Round "?"]
[White "Nagel, Herbert"]
[Black "Weiss, Christian"]
[Result "1-0"]
[WhiteElo "2280"]
[BlackElo "2230"]

1.e4 c5 2.Nf3 e6 3.d4 cxd4 4.Nxd4 a6 5.Nc3 Qc7 6.g3 b5 7.Bg2 Bb7 8.O-O Nc6
9.Re1 Nxd4 10.Qxd4 Qc5 11.Qd3 Rc8 12.Bf4 d6 13.a3 Be7 14.Rad1 e5 15.Be3 Qc4
16.Bh3 Rc6 17.Nd5 Nf6 18.Nb4 Rc7 19.Bb6 Bxe4 20.Rxe4 Qxd3 21.cxd3 Rb7 22.Ba5 Nxe4
23.dxe4 O-O 24.Rc1 Bd8 25.Bc8 Rb8 26.Bxd8 Rxd8 27.Nc6  1-0

[Event "AUT-chT"]
[Site "?"]
[Date "1993.??.??"]
[Round "?"]
[White "Druckenthaner, Andreas"]
[Black "Schlosser, Michael"]
[Result "0-1"]
[WhiteElo "2290"]
[BlackElo "2390"]

1.e4 c5 2.Nf3 e6 3.Nc3 a6 4.d4 cxd4 5.Nxd4 Qc7 6.Bd3 Nc6 7.Nxc6 bxc6 8.O-O Nf6
9.Qe2 d5 10.e5 Nd7 11.f4 g6 12.Na4 Nb6 13.Nxb6 Qxb6+ 14.Kh1 a5 15.c4 Bc5
16.cxd5 cxd5 17.Bb5+ Bd7 18.Bxd7+ Kxd7 19.Bd2 Qa6 20.Qf3 Rab8 21.b3 h5 22.Rad1 Be7
23.Qh3 Rhc8 24.f5 exf5 25.Bc3 Ke6 26.Rf2 Bb4 27.Bd4 Rc6 28.Rdf1 Ke7 29.Qh4+ Ke8
30.Qf4 Rbc8 31.h3 Qd3 32.Rf3 Qe4 33.g4 hxg4 34.hxg4 Rc1 35.Qxe4 dxe4 36.Rf2 Rxf1+
37.Rxf1 Rd8 38.Bb6 Rd3 39.gxf5 gxf5 40.Rxf5 e3 41.e6 f6 42.Rxf6 Rd1+ 43.Kg2 Rd2+  0-1

[Event "AUT-chT2S 9293"]
[Site "AUT"]
[Date "1993.??.??"]
[Round "?"]
[White "Felsberger, Alfred"]
[Black "Weiss, Leo"]
[Result "1-0"]
[WhiteElo "2350"]
[BlackElo "2285"]

1.e4 c5 2.Nf3 e6 3.d4 cxd4 4.Nxd4 a6 5.Nc3 Qc7 6.Be2 Nf6 7.O-O Nc6 8.Kh1 Bb4
9.Bg5 Qa5 10.Bxf6 gxf6 11.f4 Bxc3 12.bxc3 Qxc3 13.Nxc6 bxc6 14.Qd6 Qa5 15.Rab1 Qd8
16.e5 Qe7 17.Qd4 f5 18.Rb3 O-O 19.g4 fxg4 20.f5 f6 21.fxe6 f5 22.exd7 Bxd7
23.Rb7 Rad8 24.Bc4+ Kg7 25.e6+  1-0

[Event "Wch Seniors"]
[Site "Bad Wildbad"]
[Date "1993.??.??"]
[Round "11"]
[White "Vasiukov, Evgeni"]
[Black "Honfi, Karoly"]
[Result "1/2-1/2"]
[WhiteElo "2495"]
[BlackElo "2365"]

1.e4 c5 2.Nf3 e6 3.d4 cxd4 4.Nxd4 a6 5.Nc3 Qc7 6.g3 d6 7.Bg2 Bd7 8.a4 Nc6
9.O-O Nf6 10.Nb3 Be7 11.a5 O-O 12.Be3 Ne5 13.Bb6 Qc8 14.Nd2 Bc6 15.f4 Ng6
16.Re1 d5 17.e5 Nd7 18.Bd4 Qc7 19.Nb3 Bb4 20.Re3 Ne7 21.Bh3 Rfe8 22.Nb1 Nf5
23.Bxf5 exf5 24.c3 Bf8 25.N1d2 Re6 26.Nf3 Be7 27.Qc2 g6 28.Ree1 Rc8 29.Qf2 Bb5
30.Be3 Bc5 31.Nxc5 Nxc5 32.Bxc5 Qxc5 33.Nd4 Re7 34.Re3 Bd7 35.h3 Rce8 36.b4 Qc4
37.Rae1 h5 38.Kh2 Kg7 39.R1e2 Be6 40.Rd2 Rd7 41.Red3 Rc8 42.Qe1 Qc7 43.Qe3 Qd8
44.Qf3 Rc4 45.Kg2 Rdc7 46.Re3 Qc8 47.Rdd3 Qe8 48.Qd1 Rc8 49.Kf2 R8c7 50.Ke1 Kf8
51.Kd2 Ke7 52.Qb3 Kf8 53.Re1 Kg7 54.Kc1 Rc8 55.Kb2 R8c7 56.Ra1 Rc8 57.Qd1 R8c7
58.Qd2 Qe7 59.Rg1 Rc8 60.Rf1 Rh8 61.Ne2 Rhc8 62.Rff3 h4 63.gxh4 Qxh4 64.Rd4 Rxd4
65.Nxd4 Rc4 66.Qe3 Qe7 67.Qf2 Rc8 68.h4 Rh8 69.Rh3 Rh5 70.Rh2 Kg8 71.Qg3 Kf8
72.Qf2 Ke8 73.Ne2 Qd8 74.Rh3 Kf8 75.Qb6 Qxb6 76.axb6 Ke7 77.Nd4 Bd7 78.Kc2 Rh8
79.Rh1 Kf8 80.Kd2 Kg7 81.Ke3 Rc8 82.Kd2 Kh6 83.Rg1 Kh5 84.Rg5+ Kh6 85.h5 Re8
86.hxg6 fxg6 87.Kd3 Kg7 88.c4 dxc4+ 89.Kxc4 Be6+ 90.Kc5 Kf7 91.Nxe6 Rxe6
92.b5 axb5 93.Kxb5 Rc6 94.Rg1 Rc2 95.Rh1 Rf2 96.Rh7+ Ke6 97.Rxb7 Rxf4 98.Rg7 Rf1
99.b7 Rb1+ 100.Kc6 Kxe5 101.Rxg6 Ke4 102.Re6+ Kd3 103.Rd6+ Ke3 104.Re6+ Kd3
105.Rd6+ Ke3  1/2-1/2

[Event "Barcelona UGA"]
[Site "Barcelona"]
[Date "1993.??.??"]
[Round "2"]
[White "Bjerring, Kai"]
[Black "De la Riva Aguado, Oscar"]
[Result "1/2-1/2"]
[WhiteElo "2360"]
[BlackElo "2400"]

1.e4 c5 2.Nf3 e6 3.Nc3 a6 4.d4 cxd4 5.Nxd4 Nc6 6.g3 Qc7 7.Bg2 Nf6 8.O-O Nxd4
9.Qxd4 Bc5 10.Bf4 d6 11.Qd3 Nd7 12.Na4 e5 13.Bd2 b5 14.Nc3 Nb6 15.a4 b4 16.a5 bxc3
17.axb6 Bxb6 18.Bxc3 O-O 19.Rfd1 Rd8 20.Ra4 Qa7 21.Be1 Bd7 22.Ra2 Qb7 23.Rda1  1/2-1/2

[Event "JUG-chT (Women)"]
[Site "Becici"]
[Date "1993.??.??"]
[Round "?"]
[White "Todorovic, Violeta"]
[Black "Stankovic, Marija"]
[Result "1/2-1/2"]
[WhiteElo "2035"]
[BlackElo "2120"]

1.e4 c5 2.Nf3 e6 3.d4 cxd4 4.Nxd4 a6 5.Nc3 Qc7 6.Be2 Nf6 7.O-O Be7 8.a4 Nc6
9.Be3 O-O 10.Kh1 d6 11.f4 Nxd4 12.Bxd4 e5 13.Be3 exf4 14.Bxf4 Be6 15.Qd3 Nd7
16.Qg3 Rfe8 17.Bg4 Bf8 18.Bxe6 Rxe6 19.Rad1 Rae8 20.Qf3 Nf6 21.Rde1 Qd7 22.Bg5 b5
23.axb5 axb5 24.Qd3 Ng4 25.h3 Ne5 26.Qxb5 Qxb5 27.Nxb5 Rb8 28.Nd4 Ree8 29.b3 Rb4
30.c3 Rb6 31.b4 g6 32.Bf6 Nc4 33.Nf3 Bh6 34.Bd4 Rb7 35.e5 d5 36.Rd1 Bf4 37.Rfe1 Nb2
38.Ra1 Nd3 39.Re2 Nc1 40.Rb2 Nd3 41.Re2 Nc1 42.Rc2 Nd3 43.Rd1 Nxe5 44.Bxe5 Bxe5
45.Rxd5 Bg7 46.b5 Rc8 47.c4 Bf8 48.Ne5 Bh6 49.Nc6 Bf4 50.Rd1 h5 51.Rb1 Rxc6
52.Rf1 Rf6 53.Rcf2 g5 54.g3 Rc7 55.gxf4 Rxc4 56.fxg5 Rxf2 57.Rxf2 Rb4 58.Rf5 Rb2
59.Rc5 h4 60.Kg1 Kf8 61.Re5  1/2-1/2

[Event "JUG-chT (Women)"]
[Site "Becici"]
[Date "1993.??.??"]
[Round "?"]
[White "Bjelajac Prokopovic, Olivera"]
[Black "Pejic, Mira"]
[Result "1/2-1/2"]
[WhiteElo "2125"]
[BlackElo "2045"]

1.e4 c5 2.Nf3 e6 3.d4 cxd4 4.Nxd4 a6 5.Nc3 Qc7 6.Be2 b5 7.a3 Nc6 8.O-O Nxd4
9.Qxd4 Bd6 10.g3 Be5 11.Qd3 Bxc3 12.bxc3 Bb7 13.a4 bxa4 14.Rxa4 Rc8 15.Ba3 Qc6
16.Rc4 Qb6 17.Rxc8+ Bxc8 18.Rd1 Ne7 19.Qc4 f6 20.Bc5 Qb7 21.f4 Kf7 22.Bxe7 Kxe7
23.Qc5+ Kf7 24.e5 f5 25.Qb4 Qa7+ 26.Qd4 Qb7  1/2-1/2

[Event "Lvov-Belgrade"]
[Site "Belgrade"]
[Date "1993.??.??"]
[Round "2"]
[White "Golod, Vitali"]
[Black "Miladinovic, Igor"]
[Result "1/2-1/2"]
[WhiteElo "2490"]
[BlackElo "2450"]

1.e4 c5 2.Nf3 e6 3.d4 cxd4 4.Nxd4 a6 5.Nc3 Qc7 6.Be2 b5 7.Be3 Bb7 8.Bf3 Nc6
9.Nxc6 Bxc6 10.Qd4 Rc8 11.Rd1 d6 12.a4 bxa4 13.Nxa4 Rb8 14.O-O Bb5 15.Rfe1 Ne7
16.Nc3 Nc6 17.Nxb5 axb5 18.Qc3 b4 19.Qc4 Be7 20.Ra1 O-O 21.Ra6 Rfc8 22.Rea1 h6
23.Bd1 Bf6  1/2-1/2